000 00718nam a2200205 a 4500
005 20230331063459.0
008 991125 1994 mx 000 0 spa u
020 _a9686893093
035 _aUPN01000025037
049 _aCG
050 4 _aLC5309 U6
_bL91
245 0 0 _aFormación docente en las escuelas normales de Puebla y Tlaxcala :
_b1970-1990.
260 _aMéxico :
_bUPN,
_c1994.
300 _a131 p. :
_bgráfs., tablas
440 0 _aAvances de investigación ;
_v1
500 _a"Sistema de Educación a Distancia. Unidad 291 y 211"
650 4 _aMaestros
_xFormación profesional
_zMéxico
_9796
710 2 _aUniversidad Pedagógica Nacional (México).
_bSistema de Educación a Distancia
905 _aLibro
999 _c25037
_d25037